[Event "Tres Cantos op 11th"]
[White "Moreno Ibanez, Miguel"]
[Black "Perez Ordonez, Jose Ramon"]
[Site "Tres Cantos"]
[Round "7"]
[Result "1-0"]
[Date "2019.06.28"]
[WhiteElo "2243"]
[BlackElo "2126"]
[PlyCount "37"]
[EventDate "2019.06.22"]
[EventType "swiss"]
[EventRounds "9"]
[EventCountry "ESP"]
[SourceTitle "CBM 195 Extra"]
[Source "ChessBase"]
[SourceDate "2020.05.31"]
[SourceVersion "1"]
[SourceVersionDate "2020.05.31"]
[SourceQuality "1"]

1. e4 c6 2. d4 d5 3. e5 Bf5 4. h4 h5 5. c4 e6 6. Nc3 Nd7 7. cxd5 exd5 8. Bd3 Ne7 9. Nf3 f6 10. exf6 gxf6 11. Bxf5 Nxf5 12. Qd3 Ne7 13. Bf4 Kf7 14. 0-0-0 Bh6 15. Bxh6 Rxh6 16. Rde1 Nf8 17. Re3 Qd7 18. Rhe1 Nf5 19. Re5 1-0

[Event "Madrid-chT 1819"]
[White "Moreno Ibanez, Miguel"]
[Black "Shen, Yue"]
[Site "Madrid"]
[Round "13.4"]
[Result "0-1"]
[Date "2019.03.09"]
[WhiteElo "2285"]
[BlackElo "2262"]
[PlyCount "94"]
[EventDate "2018.11.17"]
[EventType "team-tourn"]
[EventRounds "14"]
[EventCountry "ESP"]
[SourceTitle "CBM 189 Extra"]
[Source "ChessBase"]
[SourceDate "2019.05.31"]
[SourceVersion "1"]
[SourceVersionDate "2019.05.31"]
[SourceQuality "1"]
[WhiteTeam "Liberty Chess"]
[BlackTeam "Blanco y Negro"]
[WhiteTeamCountry "ESP"]
[BlackTeamCountry "ESP"]

1. e4 c6 2. d4 d5 3. e5 c5 4. dxc5 e6 5. Nf3 Bxc5 6. Bd3 Ne7 7. Qe2 Nbc6 8. a3 a5 9. Bf4 Qb6 10. Ra2 Ng6 11. Bg3 Bd7 12. h4 Nge7 13. h5 Nf5 14. Bxf5 exf5 15. h6 g6 16. Nc3 Ne7 17. e6 Qxe6 18. Qxe6 fxe6 19. Be5 0-0 20. 0-0 Rfe8 21. Re1 Nc6 22. Bg7 Nd8 23. Ne5 Bc6 24. Ne2 Nf7 25. Nxf7 Kxf7 26. Nf4 g5 27. Nd3 Bf8 28. Ne5+ Ke7 29. Bxf8+ Rxf8 30. Nf3 g4 31. Nd4 Rf6 32. c3 Kd6 33. Raa1 e5 34. Nc2 f4 35. Rad1 Ba4 36. Re2 Rxh6 37. Rde1 Bxc2 38. Rxc2 a4 39. Rd2 Ra5 40. Re4 Rh5 41. g3 Rf5 42. Rb4 b5 43. Kg2 f3+ 44. Kh2 Rg5 45. Rd1 Kc5 46. Rb1 Ra6 47. b3 Rh6+ 0-1

[Event "Madrid-chT 1819"]
[White "Quispe Arteaga, Gabriel"]
[Black "Moreno Ibanez, Miguel"]
[Site "Madrid"]
[Round "5.5"]
[Result "1-0"]
[Date "2019.01.13"]
[WhiteElo "2373"]
[BlackElo "2285"]
[PlyCount "77"]
[EventDate "2018.11.17"]
[EventType "team-tourn"]
[EventRounds "14"]
[EventCountry "ESP"]
[SourceTitle "CBM 189 Extra"]
[Source "ChessBase"]
[SourceDate "2019.05.31"]
[SourceVersion "1"]
[SourceVersionDate "2019.05.31"]
[SourceQuality "1"]
[WhiteTeam "Collado Villalba"]
[BlackTeam "Liberty Chess"]
[WhiteTeamCountry "ESP"]
[BlackTeamCountry "ESP"]

1. Nf3 d6 2. d4 f5 3. c4 Nf6 4. Nc3 e6 5. g3 Be7 6. Bg2 0-0 7. 0-0 a5 8. Qb3 Qe8 9. Bg5 a4 10. Qc2 Nc6 11. Rad1 Qh5 12. a3 e5 13. dxe5 dxe5 14. Nd5 Bd8 15. Bxf6 gxf6 16. e3 Kh8 17. Nh4 f4 18. Bf3 Qh6 19. Nf5 Qh3 20. Be4 f3 21. Nh4 f5 22. Bxf3 Bxh4 23. Bg2 Qg4 24. f3 Qg7 25. gxh4 Nd8 26. Kh1 Ra6 27. Rg1 Rg6 28. h5 Rg5 29. f4 Rg4 30. Bf3 c6 31. Bxg4 fxg4 32. Nb6 Be6 33. Rgf1 g3 34. f5 Bf7 35. Qg2 Bxh5 36. Rd2 Rg8 37. Qxg3 Qc7 38. Qh4 Qf7 39. Rd7 1-0

[Event "Benidorm op U2300 17th"]
[White "Moreno Ibanez, Miguel"]
[Black "Schaffert, Walter"]
[Site "Benidorm"]
[Round "1"]
[Result "1-0"]
[Date "2018.11.30"]
[WhiteElo "2275"]
[BlackElo "2062"]
[PlyCount "89"]
[EventDate "2018.11.30"]
[EventType "swiss"]
[EventRounds "10"]
[EventCountry "ESP"]
[SourceTitle "EXT 2022"]
[Source "ChessBase"]
[SourceDate "2021.10.06"]
[SourceVersion "1"]
[SourceVersionDate "2021.10.06"]
[SourceQuality "1"]

1. e4 d6 2. d4 Nf6 3. Nc3 g6 4. Bg5 Nbd7 5. f4 h6 6. Bh4 Nb6 7. Nf3 Bg7 8. a4 a5 9. Bd3 0-0 10. 0-0 Bg4 11. h3 Bxf3 12. Qxf3 c6 13. Rae1 Qc7 14. f5 g5 15. Bf2 Nfd7 16. b3 c5 17. Nb5 Qd8 18. c3 Rc8 19. h4 f6 20. Qd1 Kh8 21. Bc2 cxd4 22. cxd4 g4 23. Bd3 h5 24. Qd2 Na8 25. Rc1 b6 26. Rxc8 Qxc8 27. Rc1 Qb7 28. Qc3 Bh6 29. Rc2 Kh7 30. Qc4 d5 31. exd5 Bf4 32. Qc6 Rb8 33. Qe6 Nf8 34. Qf7+ Kh8 35. Qxh5+ Nh7 36. Qxg4 Bd6 37. Rc6 Qd7 38. Qe4 Nc7 39. Nxc7 Bxc7 40. Qe6 Rd8 41. Qxd7 Rxd7 42. d6 Bxd6 43. Bc4 Rb7 44. Rc8+ Kg7 45. Rg8+ 1-0

[Event "Madrid-chT 1718"]
[White "Moreno Ibanez, Miguel"]
[Black "Garrido Dominguez, Jesus"]
[Site "Madrid"]
[Round "11.22"]
[Result "1/2-1/2"]
[Date "2018.02.24"]
[WhiteElo "2270"]
[BlackElo "2395"]
[PlyCount "131"]
[EventDate "2017.11.19"]
[EventType "team-tourn"]
[EventRounds "14"]
[EventCountry "ESP"]
[SourceTitle "EXT 2019"]
[Source "ChessBase"]
[SourceDate "2018.10.10"]
[SourceVersion "1"]
[SourceVersionDate "2018.10.10"]
[SourceQuality "1"]
[WhiteTeam "Liberty Chess"]
[BlackTeam "Villalba 64"]
[WhiteTeamCountry "ESP"]
[BlackTeamCountry "ESP"]

1. e4 d6 2. d4 Nf6 3. Nc3 e5 4. Nf3 Nbd7 5. g4 Nxg4 6. Rg1 exd4 7. Qxd4 Nde5 8. Nxe5 dxe5 9. Qxd8+ Kxd8 10. Be2 Nf6 11. Bg5 c6 12. 0-0-0+ Kc7 13. f4 Be6 14. fxe5 Nd7 15. Nd5+ Kc8 16. Nf4 Bc5 17. Rg3 Nxe5 18. Nxe6 fxe6 19. Rc3 Bb4 20. Rb3 Ba5 21. Bf1 Nf7 22. Bh4 Bd8 23. Bg3 Bg5+ 24. Kb1 Rd8 25. Rxd8+ Nxd8 26. Rf3 Bf6 27. Rd3 a5 28. Bh3 Ra6 29. c4 c5 30. Bf2 Rc6 31. Bg3 Nf7 32. Rd1 a4 33. Kc2 Rb6 34. Rb1 Kd7 35. Bf2 Nd6 36. Bxc5 Rc6 37. Bxd6 Rxc4+ 38. Kd3 Rd4+ 39. Ke3 Rxd6 40. Bf1 Bd4+ 41. Kf3 Rb6 42. b3 e5 43. Bc4 a3 44. Bd5 Rf6+ 45. Kg3 Rf2 46. b4 Kc7 47. Rc1+ Kb8 48. Rd1 Bb6 49. Rd3 Rb2 50. Rxa3 Bf2+ 51. Kg4 Be1 52. Rh3 h6 53. Kf5 Bxb4 54. Kxe5 Ba5 55. Ke6 Kc7 56. Rb3 Rxb3 57. axb3 Bc3 58. h4 h5 59. e5 b6 60. Bf3 Be1 61. Kf7 Bxh4 62. Bxh5 Kd8 63. Kxg7 Ke7 64. Bg4 Bg3 65. e6 Bf2 66. Kg6 1/2-1/2

[Event "Madrid-chT 1718"]
[White "Moreno Ibanez, Miguel"]
[Black "Quispe Arteaga, Gabriel"]
[Site "Madrid"]
[Round "10.33"]
[Result "1-0"]
[Date "2018.02.18"]
[WhiteElo "2270"]
[BlackElo "2287"]
[PlyCount "83"]
[EventDate "2017.11.19"]
[EventType "team-tourn"]
[EventRounds "14"]
[EventCountry "ESP"]
[SourceTitle "EXT 2019"]
[Source "ChessBase"]
[SourceDate "2018.10.10"]
[SourceVersion "1"]
[SourceVersionDate "2018.10.10"]
[SourceQuality "1"]
[WhiteTeam "Liberty Chess"]
[BlackTeam "Villaverde"]
[WhiteTeamCountry "ESP"]
[BlackTeamCountry "ESP"]

1. e4 c5 2. Nf3 Nc6 3. Bb5 e6 4. 0-0 Nge7 5. Re1 Nd4 6. a4 Ng6 7. c3 Nxb5 8. axb5 d5 9. exd5 Qxd5 10. d4 b6 11. Qe2 cxd4 12. cxd4 Bb4 13. Nc3 Qd7 14. h4 h5 15. d5 Bxc3 16. bxc3 Qxd5 17. c4 Qf5 18. Ba3 Bb7 19. Nd4 Qf6 20. Nc6 Bxc6 21. bxc6 Ne7 22. Rad1 0-0 23. c7 Rfc8 24. Rd7 Ng6 25. Red1 Qe5 26. Qf3 Qf6 27. Qxa8 Rxa8 28. Rd8+ Kh7 29. Rxa8 Nf4 30. Bd6 Nh3+ 31. gxh3 Qf3 32. c8Q Qxd1+ 33. Kg2 Qxd6 34. Qb7 Qf4 35. Qf3 Qxh4 36. Qd3+ f5 37. Rxa7 Qg5+ 38. Qg3 Qf6 39. h4 Qd4 40. Qg5 Qe4+ 41. Kh2 Qe5+ 42. Kh3 1-0

[Event "Madrid-chT 1718"]
[White "Moreno Ruiz, Javier"]
[Black "Moreno Ibanez, Miguel"]
[Site "Madrid"]
[Round "9.33"]
[Result "1-0"]
[Date "2018.02.11"]
[WhiteElo "2447"]
[BlackElo "2270"]
[PlyCount "65"]
[EventDate "2017.11.19"]
[EventType "team-tourn"]
[EventRounds "14"]
[EventCountry "ESP"]
[SourceTitle "EXT 2019"]
[Source "ChessBase"]
[SourceDate "2018.10.10"]
[SourceVersion "1"]
[SourceVersionDate "2018.10.10"]
[SourceQuality "1"]
[WhiteTeam "Collado Villalba"]
[BlackTeam "Liberty Chess"]
[WhiteTeamCountry "ESP"]
[BlackTeamCountry "ESP"]

1. d4 Nf6 2. c4 c5 3. d5 g6 4. Nc3 Bg7 5. e4 d6 6. Bd3 0-0 7. h3 e6 8. Nf3 Re8 9. 0-0 Na6 10. Bg5 h6 11. Be3 e5 12. Qd2 Kh7 13. a3 Rf8 14. Rab1 b6 15. b4 Ne8 16. Nh2 f5 17. f4 Kg8 18. fxe5 dxe5 19. exf5 gxf5 20. Bxh6 e4 21. Bxe4 Qf6 22. Bxg7 Qxg7 23. d6 fxe4 24. Qd5+ Kh8 25. Rxf8+ Qxf8 26. Rf1 Qh6 27. Qxa8 Nxd6 28. Ng4 Qd2 29. Qxa7 Bb7 30. Qxb6 e3 31. Qd8+ Kh7 32. Qe7+ Kg6 33. Rf6+ 1-0